Biblioteca

La sociedad cortesana / Norbert Elias ; Traducido por Guillermo Hirata (Registro nro. 44906)

Detalles MARC
000 -LÍDER
Campo fijo de descripción fija 014800000a22002530004500
020 ## - NÚMERO INTERNACIONAL NORMALIZADO PARA LIBROS
Número Internacional Normalizado del libro 978-607-16-1003-4
041 0# - CÓDIGO DE IDIOMA
Código de idioma para texto/pista de sonido o título separado
082 04 - NÚMERO DE CLASIFICACIÓN DECIMAL DEWEY
Número de clasificación G 305.52 E422s
001 - NÚMERO DE CONTROL
Campo de control 18477
100 1# - ASIENTO PRINCIPAL--NOMBRE PERSONAL
Nombre personal Elias, Norbert
245 10 - TÍTULO
Título del Material La sociedad cortesana / Norbert Elias ; Traducido por Guillermo Hirata
250 ## - MENCIÓN DE EDICIÓN
Mención de edición segunda edición
260 ## - PUBLICACIÓN, DISTRIBUCIÓN, ETC. (PIE DE IMPRENTA)
Lugar de publicación, distribución, etc. México: Fondo de Cultura Económica
300 ## - DESCRIPCIÓN FÍSICA
Extensión 368 páginas
336 ## - CONTENT TYPE
Content type term texto
Content type code txt
Source rdacontent
337 ## - MEDIA TYPE
Source rdamedia
Media type term sin mediación
Media type code n
338 ## - CARRIER TYPE
Source rdacarrier
Carrier type term volumen
Carrier type code nc
500 ## - NOTA GENERAL
Nota General Título original en alemán: Die hofische Gesellschaft
501 ## - NOTA DE “CON”
Nota de Contenido rústico
505 00 - NOTA DE CONTENIDO
Nota de contenido con formato preestablecido Prefacio -- Introducción: Sociología y ciencia de la historia -- Nota preliminar sobre la problemática -- Estructuras habitacionales como índice de estructuras sociales -- Las peculiaridades del entramado cortesano - aristocrático -- Etiqueta y ceremonial: conducta y mentalidad de hombres como funciones de las estructuras de poder de su sociedad -- La vinculación del rey por la etiqueta y las oportunidades de prestigio -- Devenir y cambio de la sociedad cortesana francesa, como funciones de los globales desplazamientos sociales de poder -- Sobre la génesis social del romanticismo aristocrático en el curso del acortesanamiento -- Sobre la génesis social de la Revolución -- Apéndices
650 14 - ASIENTO SECUNDARIO DE MATERIA - TERMINO TEMÁTICO
Término temático o nombre geográfico como elemento de entrada SOCIOLOGIA \ CLASE MEDIA \ ESTRUCTURA SOCIAL - HISTORIA
942 ## - TIPO DE MATERIAL (KOHA)
Tipo de Item KOHA Libros General
Existencias
Estado de Material Estado de Perdido Estado de Dañado No para Préstamo Colección Tomo Biblioteca de Origen Biblioteca Permanente Fecha de Adquisición Total de Préstamos Signatura Topográfica Código de Barras Última vez visto Ejemplar/Existencia Fecha de Remplazo Tipo de Material
        Colección General   Biblioteca FUSBC Biblioteca FUSBC 11/06/2014   G 305.52 E422s 18470 12/12/2019 1 26/01/2016 Libros General

Biblioteca FUSBC | Teléfono: (57+4) 349 88 10 Ext. 141| WhatsApp (+57) 3005338115 
E-mail: biblioteca@unisbc.edu.co | Calle 76 87-14 Robledo Palenque, Medellín, Colombia

Con tecnología Koha